000 00557nam a22002057a 4500
001 00028653
005 20260326152436.0
008 260326b ag ||||| |||| 00| 0 spa d
020 _a9505185693
040 _aAR-CcCEOS
_bspa
_cAR-CcCEOS
041 _aspa
080 _a159.94
090 _bFER
100 1 _aFerenczi, Sándor,
_d1873-1933
_9975
245 _aSin simpatía, no hay curación /
_cSándor Ferenczi
264 _aBuenos Aires :
_bAmorrortu,
_cc1985.
300 _a293 p. ;
_c23x15 cm.
650 0 _apsicología
_9114
942 _2udc
_cBK
_n0
999 _c28686
_d28686